Statistiques concernant Traduction anglais mots de liaison

Cliquez ici pour prendre le quiz!

Statistiques générales

  • Ce quiz a été pris 147 fois
  • Le résultat moyen est 5 sur 21

Statistiques - réponses

HintRéponse% Correct
de plusmore over
51%
nineither
49%
au lieu deinstead of
41%
neanmoinsnevertheless
33%
malgredespite
32%
par conséquentconsequently
31%
à moins queunless
28%
bien quealthough
27%
soiteither
27%
de plusfurthermore
27%
ainsithus
25%
c'est à direthat is to say
24%
tandiswhereas
24%
pourtantyet
23%
sinonotherwise
21%
de plusbesides
20%
d'oùhence
17%
afin queso that
17%
à condition queprovided that
11%
par oppositionby contrast
8%
inversementconversely
8%

Distribution des résultats

Percentile par nombre de réponses

% des personnes avec chaque résultat

Votre développement - résultats

Vous n’avez pas pris ce quiz